| Tag |
First Indicator |
Second Indicator |
Subfields |
| LEADER |
00000cam a2200000Ka 4500 |
| 001 |
in00002381721 |
| 005 |
20211202204323.0 |
| 006 |
m d f |
| 008 |
071227s2003 dcu s f000 0 eng d |
| 035 |
|
|
|a (OCoLC)ocn185039160
|
| 040 |
|
|
|a GPO
|c GPO
|d MvI
|d UtOrBLW
|
| 049 |
|
|
|a WWW
|
| 074 |
|
|
|a 0718-C-01 (online)
|
| 086 |
0 |
|
|a J 37.2:J 61
|
| 110 |
1 |
|
|a United States.
|b Department of Justice.
|b Office of the Inspector General.
|
| 245 |
1 |
2 |
|a A review of the FBI's response to John Roberts' statements on 60 minutes /
|c U.S. Department of Justice, Office of the Inspector General.
|
| 264 |
|
1 |
|a [Washington, D.C.] :
|b U.S. Dept. of Justice, Office of the Inspector General,
|c [2003]
|
| 300 |
|
|
|a 58 unnumbered pages :
|b digital, PDF file.
|
| 336 |
|
|
|a text
|b txt
|2 rdacontent
|
| 337 |
|
|
|a computer
|b c
|2 rdamedia
|
| 338 |
|
|
|a unspecified
|b zu
|2 rdacarrier
|
| 538 |
|
|
|a Mode of access: Internet. Address as of 12/19/07: http://www.usdoj.gov/oig/special/0302/report.pdf ; current access available via PURL.
|
| 500 |
|
|
|a Title from title screen (viewed on Dec. 19, 2007).
|
| 500 |
|
|
|a "February 2003."
|
| 500 |
|
|
|a Electronic resource.
|
| 600 |
1 |
0 |
|a Roberts, John.
|
| 610 |
1 |
0 |
|a United States.
|b Federal Bureau of Investigation
|v Records and correspondence
|x Evaluation.
|
| 630 |
0 |
0 |
|a 60 minutes (Television program)
|
| 856 |
4 |
0 |
|u https://purl.fdlp.gov/GPO/LPS71340
|t 0
|
| 999 |
|
|
|a MARS
|
| 999 |
f |
f |
|s c5513aa9-db92-3a9f-8f89-35bb2ed07a42
|i a093b20c-f79f-3f80-a969-b90430b5f0e1
|t 0
|
| 952 |
f |
f |
|a Texas A&M University
|b College Station
|c Electronic Resources
|d Available Online
|t 0
|e J 37.2:J 61
|h Superintendent of Documents classification
|
| 998 |
f |
f |
|a J 37.2:J 61
|t 0
|l Available Online
|